| 000 | 00456nam a2200181Ia 4500 | ||
|---|---|---|---|
| 001 | 11656 | ||
| 005 | 20260306162844.0 | ||
| 008 | 260306t2007||||xx |||||||||||||| ||spa|| | ||
| 041 | _aESP | ||
| 082 |
_a985.7 _bR68 |
||
| 100 |
_aRivera Martínez, Edgardo _eAUT |
||
| 245 | 0 | _aAntología de la Amazonía del Perú 1539-1960 | |
| 260 | _c2007 | ||
| 300 |
_axxiii, 365 páginas : _c24 cm. |
||
| 650 | _aGEN | ||
| 654 | _aCHU | ||
| 942 |
_cLIB _dJUS _fJUS _2ddc _n |
||
| 999 |
_c11656 _d11656 |
||